Statistics for German Cities: Hearts of Iron 4

Click here to take the quiz!

General Stats

  • This quiz has been taken 94 times
  • The average score is 19 of 35

Answer Stats

StateVictory PointsCity% Correct
Brandenburg50Berlin
99%
Schleswig-Holstein20Hamburg
92%
Oberbayern20Munich
92%
Hessen20Frankfurt
88%
Sachsen5Dresden
81%
Königsberg10Königsberg
81%
Schleswig-Holstein10Kiel
80%
Rhineland5Köln
80%
Hannover10Hannover
75%
Sachsen5Leipzig
74%
Württemberg20Stuttgart
73%
Franken10Nuremberg
72%
Hannover5Bremen
66%
Westfalen5Dortmund
64%
Niederschlesien10Breslau
62%
Hinterpommern5Stettin
58%
Rhineland10Essen
55%
Mecklenburg5Rostock
51%
Moselland5Saarbrücken
51%
Oberbayern3Augsburg
45%
Thüringen5Erfurt
45%
Brandenburg5Magdeburg
38%
Weser-Ems5Wilhelmshaven
38%
Mecklenburg3Lübeck
33%
Oberschliesien3Oppeln
32%
Niederbayern3Regensburg
32%
Hessen3Kassel
29%
Ermland-Masuren3Allenstein
28%
Weser-Ems5Münster
26%
Moselland1Bitburg
21%
Hinterpommern3Köslin
21%
Weser-Ems1Emden
19%
Vorpommern1Stralsund
19%
Oberschliesien5Gleiwitz
18%
Ostmark1Küstrin
16%

Score Distribution

Percentile by Number Answered

Percent of People with Each Score

Your Score History

You have not taken this quiz